000
00234 a2200085 4500
020
_a
9780500285336
100
_a
Assorted
245
_a
Architecture and Polyphony:: Building In The Islamic World Today
260
_b
Thames & Hudson Ltd
_c
2004
999
_c
13467
_d
13467